[Event "Berlin op 08"]
[Site "Berlin"]
[Date "2006.08.24"]
[Round "6"]
[White "Kohlmeyer, Dagobert"]
[Black "Nicora, Paolo"]
[Result "1-0"]
[WhiteElo "1819"]
[BlackElo "2117"]
[PlyCount "87"]
[EventDate "2006.08.19"]
[EventType "swiss"]
[EventRounds "9"]
[EventCountry "GER"]
[SourceTitle "EXT 2007"]
[Source "ChessBase"]
[SourceDate "2006.11.23"]
[SourceVersion "1"]
[SourceVersionDate "2006.11.23"]
[SourceQuality "1"]

1. e4 g6 2. d4 Bg7 3. Nc3 d6 4. Be2 Nf6 5. Be3 c6 6. Qd2 b5 7. a3 Qa5 8. b4 Qc7 9. Bh6 Bxh6 10. Qxh6 Nbd7 11. f4 a5 12. e5 dxe5 13. fxe5 Nxe5 14. Rd1 Neg4 15. Bxg4 Bxg4 16. Nge2 Bf5 17. Qd2 axb4 18. axb4 0-0 19. 0-0 Kg7 20. Ng3 Be6 21. Qg5 h6 22. Qe3 Nd5 23. Nxd5 Bxd5 24. Rf4 f5 25. Qd2 Ra2 26. Rh4 f4 27. Rf1 g5 28. Nh5+ Kg8 29. Rh3 Be4 30. Rc3 Qd6 31. Rc5 e5 32. Re1 Qg6 33. g4 Rd8 34. Rxe4 exd4 35. Rxd4 Ra1+ 36. Kf2 Rf8 37. Rd7 Qe6 38. Rg7+ Kh8 39. Qc3 Qe3+ 40. Qxe3 fxe3+ 41. Kxe3 Rh1 42. Rxc6 Re8+ 43. Kd3 Rd8+ 44. Kc3 1-0

[Event "Berlin Lichtenberger op 5th"]
[Site "Berlin"]
[Date "2006.08.20"]
[Round "2"]
[White "Geller, Jakov"]
[Black "Nicora, Paolo"]
[Result "1-0"]
[WhiteElo "2480"]
[BlackElo "2117"]
[PlyCount "55"]
[EventDate "2006.08.19"]
[EventType "swiss"]
[EventRounds "9"]
[EventCountry "GER"]
[SourceTitle "CBM 113 Extra"]
[Source "ChessBase"]
[SourceDate "2006.09.14"]
[SourceVersion "1"]
[SourceVersionDate "2006.09.14"]
[SourceQuality "1"]

1. e4 g6 2. d4 Bg7 3. Nc3 d6 4. Be3 Nf6 5. Qd2 c6 6. h3 b5 7. Bd3 Nbd7 8. Nf3 0-0 9. 0-0 Bb7 10. a4 b4 11. Ne2 c5 12. Ng3 Qc7 13. c3 c4 14. Bb1 bxc3 15. bxc3 Qa5 16. Bc2 Rfb8 17. Rfb1 Ba6 18. d5 Rxb1+ 19. Rxb1 Qc7 20. Nd4 Nc5 21. Bh6 e6 22. Bxg7 Kxg7 23. Qg5 h6 24. Qe3 Bc8 25. Nb5 Qe7 26. dxe6 Bxe6 27. Rd1 d5 28. exd5 1-0

[Event "Fincas Mediterranea 1st"]
[Site "Castelldefels"]
[Date "2004.08.23"]
[Round "6"]
[White "Nicora, Paolo"]
[Black "Gallego Montes, Antonio"]
[Result "0-1"]
[WhiteElo "2139"]
[BlackElo "2000"]
[PlyCount "70"]
[EventDate "2004.08.18"]
[EventType "swiss"]
[EventRounds "9"]
[EventCountry "ESP"]
[SourceTitle "EXT 2005"]
[Source "ChessBase"]
[SourceDate "2004.11.15"]
[SourceVersion "1"]
[SourceVersionDate "2004.11.15"]
[SourceQuality "1"]

1. d4 e6 2. c4 f5 3. Nc3 Nf6 4. e3 d5 5. f4 Bb4 6. Qa4+ Nc6 7. Nf3 Bd7 8. Qc2 0-0 9. Bd3 Ne7 10. 0-0 c6 11. Bd2 Bd6 12. c5 Bc7 13. b4 Ne4 14. Ne5 Ng6 15. Be1 Nxe5 16. dxe5 Kh8 17. Ne2 b6 18. Nd4 a5 19. cxb6 Bxb6 20. bxa5 Ba7 21. Qe2 c5 22. Nf3 c4 23. Bxe4 fxe4 24. Ng5 h6 25. h4 Qe8 26. Bb4 hxg5 27. Bxf8 Qxf8 28. fxg5 Qe8 29. h5 d4 30. Qg4 d3 31. Qxe4 Bc6 32. Qg4 Bxe3+ 33. Kh1 Rxa5 34. g6 Rxe5 35. Qxc4 Rxh5+ 0-1

[Event "Fincas Mediterranea 1st"]
[Site "Castelldefels"]
[Date "2004.08.20"]
[Round "3"]
[White "Bojkov, Dejan"]
[Black "Nicora, Paolo"]
[Result "1-0"]
[WhiteElo "2446"]
[BlackElo "2139"]
[PlyCount "39"]
[EventDate "2004.08.18"]
[EventType "swiss"]
[EventRounds "9"]
[EventCountry "ESP"]
[SourceTitle "EXT 2005"]
[Source "ChessBase"]
[SourceDate "2004.11.15"]
[SourceVersion "1"]
[SourceVersionDate "2004.11.15"]
[SourceQuality "1"]

1. e4 c5 2. Nf3 Nc6 3. Bb5 e6 4. 0-0 Nge7 5. Re1 a6 6. Bf1 Ng6 7. c3 d5 8. exd5 Qxd5 9. d4 cxd4 10. cxd4 Bb4 11. Nc3 Bxc3 12. bxc3 0-0 13. c4 Qa5 14. Bd2 Qc7 15. d5 exd5 16. cxd5 Nce7 17. Bb4 Nf5 18. Rc1 Qf4 19. Rc4 Qh6 20. Bd2 1-0

[Event "IECG C1.2001.0.00351"]
[Site "IECG email"]
[Date "2001.04.01"]
[Round "?"]
[White "Zhitnikov, Andrew"]
[Black "Nicora, Paolo"]
[Result "1-0"]
[WhiteElo "2000"]
[BlackElo "1950"]
[PlyCount "49"]
[EventDate "2001.04.01"]
[EventType "tourn (corr)"]
[EventRounds "6"]
[SourceTitle "Corr 2008"]
[Source "ChessBase"]
[SourceDate "2008.06.24"]
[SourceVersion "1"]
[SourceVersionDate "2008.06.24"]
[SourceQuality "1"]

1. e4 d6 2. d4 Nf6 3. Nc3 g6 4. f4 Bg7 5. Nf3 c5 6. Bb5+ Bd7 7. e5 Ng4 8. e6 fxe6 9. Ng5 Bxb5 10. Nxb5 Qa5+ 11. c3 Qxb5 12. Qxg4 cxd4 13. Nxe6 Qc4 14. Nxg7+ Kf7 15. Nf5 Qe6+ 16. Ne3 dxe3 17. Qxe6+ Kxe6 18. Bxe3 Nc6 19. Rd1 Kf5 20. Ke2 Rhd8 21. Rd5+ Ke4 22. Rhd1 a6 23. g3 b5 24. R1d3 h6 25. g4 1-0

[Event "Imperia op 27th"]
[Site "Imperia"]
[Date "1985.09.04"]
[Round "5"]
[White "Nicora, Paolo"]
[Black "Paglietti, Nicola"]
[Result "0-1"]
[WhiteElo "1900"]
[BlackElo "2045"]
[PlyCount "68"]
[EventDate "1985.09.01"]
[EventType "swiss"]
[EventRounds "9"]
[EventCountry "ITA"]
[SourceTitle "EXT 2024"]
[Source "ChessBase"]
[SourceDate "2023.10.10"]
[SourceVersion "1"]
[SourceVersionDate "2023.10.10"]
[SourceQuality "1"]

1. d4 Nf6 2. c4 g6 3. Nc3 d5 4. cxd5 Nxd5 5. Nf3 Bg7 6. Qb3 Nb6 7. e4 Bg4 8. Be2 0-0 9. d5 N8d7 10. 0-0 a5 11. a4 Nc5 12. Qc2 Na6 13. Bxa6 Rxa6 14. Nb5 Bxf3 15. gxf3 Na8 16. Be3 c6 17. dxc6 Rxc6 18. Qe2 Qb8 19. Nd4 Ra6 20. Rac1 Be5 21. h3 Qd6 22. Rfd1 Qf6 23. Nb3 Qh4 24. Rc5 Bd6 25. Rg5 Qxh3 26. Rg2 Rc8 27. f4 Bxf4 28. Bxf4 Qxb3 29. Be5 Qxa4 30. Qg4 Qe8 31. Rh2 f6 32. Qh3 h5 33. Qb3+ Kg7 34. Qxb7 Rb6 0-1

[Event "Imperia op 27th"]
[Site "Imperia"]
[Date "1985.09.01"]
[Round "1"]
[White "Nicora, Paolo"]
[Black "Gongalov, Bojan"]
[Result "1-0"]
[WhiteElo "1900"]
[BlackElo "2043"]
[PlyCount "83"]
[EventDate "1985.09.01"]
[EventType "swiss"]
[EventRounds "9"]
[EventCountry "ITA"]
[SourceTitle "EXT 2024"]
[Source "ChessBase"]
[SourceDate "2023.10.10"]
[SourceVersion "1"]
[SourceVersionDate "2023.10.10"]
[SourceQuality "1"]

1. d4 Nf6 2. c4 c5 3. d5 e6 4. Nc3 exd5 5. cxd5 d6 6. e4 g6 7. f4 Bg7 8. Nf3 0-0 9. Be2 Re8 10. e5 dxe5 11. fxe5 Ng4 12. Bg5 Qa5 13. 0-0 Qb4 14. d6 Nxe5 15. Nd5 Nxf3+ 16. Bxf3 Qd4+ 17. Kh1 Nc6 18. Qxd4 Bxd4 19. Nc7 Bf5 20. Nxa8 Rxa8 21. Rad1 h6 22. Bxh6 Rd8 23. Bf4 Bxb2 24. Bg5 Rd7 25. Rfe1 Kg7 26. Re8 c4 27. Bxc6 bxc6 28. Re7 c3 29. Rxd7 c2 30. Rxf7+ Kxf7 31. Re1 Be6 32. d7 Bxd7 33. Re7+ Kf8 34. Rxd7 c1Q+ 35. Bxc1 Bxc1 36. Rd6 g5 37. Rxc6 Be3 38. Rc7 Bb6 39. Rb7 Kg8 40. g3 g4 41. Kg2 Bc5 42. Rc7 1-0